Т. 3; Рисунки

Bibliographic Details
Parent link:Рисунки: пер. с дат./ Х. Бидструп; пер. М. Косов. Т. 3.— , 1968-1969
Language:Russian
Published: 1968
Subjects:
Format: Book
KOHA link:https://koha.lib.tpu.ru/cgi-bin/koha/opac-detail.pl?biblionumber=327264

MARC

LEADER 00000nam2a2200000 4500
001 327264
005 20231102003937.0
035 |a (RuTPU)RU\TPU\book\352924 
090 |a 327264 
100 |a 20170126d1968 m y0rusy50 ca 
101 1 |a rus  |c dan 
102 |a RU 
105 |a a z 000zy 
200 0 |a Т. 3 
210 |d 1968 
215 |a [186] с.  |c ил. 
461 1 |0 (RuTPU)RU\TPU\book\130007  |t Рисунки  |o пер. с дат.  |o в 4 т.  |f Х. Бидструп  |g пер. М. Косов  |v Т. 3  |d 1968-1969 
606 1 |a Карикатура  |2 stltpush  |3 (RuTPU)RU\TPU\subj\13873  |9 40414 
610 1 |a датская графика 
610 1 |a сатира 
610 1 |a сатирическая графика 
610 1 |a изобразительное искусство 
675 |a 741.5  |v 4 
801 1 |a RU  |b 63413507  |c 20170126 
801 2 |a RU  |b 63413507  |c 20201021  |g RCR 
942 |c BK